| Registos Bibliográficos associados ao registo de autoridade |
|
Etiqueta de registo: 00000nkm 2200025 450 001 2281977 003 http://id.bnportugal.gov.pt/bib/catbnp/2281977 100 ## $a20260319f1985 m y0pory01030103ba 101 0# $apor 102 ## $aPT 200 1# $aApologia de Sócrates, de Platão, encenação e interpretação, Domingos Semedo, Teatro
Nacional de D. Maria II - sala experimental$bVisual gráfico]$fTeatro Nacional de D. Maria II$gdesign Garizo 210 #9 $aLisboa$cTeatro Nacional de D. Maria II,$d[1985]$eLisboa :$gCasa Portuguesa) 215 ## $a1 cartaz$ccolor.$d48x33,6 cm 306 ## $aDatação em conformidade com as características formais do documento 317 ## $aColeção Madeira Luís 702 #1 $aCarmo,$bGarizo do,$f1927-1997$4410$330997 710 02 $aTeatro Nacional de D. Maria II$31992495 801 #0 $aPT$bBN$gRPC 966 ## $lBN$mICONOG$sCT. 16993 V.$x3 971 ## $cCaticonografia3$d20260319 995 ## $aPRR2026
Etiqueta de registo: 00000nkm 2200025 450 001 2281929 003 http://id.bnportugal.gov.pt/bib/catbnp/2281929 100 ## $a20260319d1992 m y0pory01030103ba 101 0# $apor 102 ## $aPT 200 1# $aDueto a Solo, Tom Kempinski$bVisual gráfico]$fTeatro Nacional de D. Maria II$gdesign: Garizo do Carmo 210 #9 $aLisboa$cTeatro Nacional de D. Maria II,$d1992$e[Lisboa]:$gQualigrafe) 215 ## $a1 cartaz$ccolor.$d43x33 cm 317 ## $aColeção Madeira Luís 702 #1 $aCarmo,$bGarizo do,$f1927-1997$4410$330997 710 02 $aTeatro Nacional de D. Maria II$31992495 801 #0 $aPT$bBN$gRPC 966 ## $lBN$mICONOG$sCT. 17017 V.$x3 971 ## $cCaticonografia5$d20260319 995 ## $aPRR2026
Etiqueta de registo: 00000nkm 2200025 450 001 2281784 003 http://id.bnportugal.gov.pt/bib/catbnp/2281784 100 ## $a20260319d1978 m y0pory01030103ba 101 0# $apor 102 ## $aPT 200 1# $aLa Champmeslé, Teatro Nacional de D. Maria II, dias 19 e 20 de junho 78$bVisual gráfico]$fTeatro Nacional de D. Maria II$gdesign: Garizo do Carmo 210 #9 $aLisboa$cTeatro Nacional de D. Maria II,$d1978 215 ## $a1 cartaz$ccolor.$d47x33 cm 317 ## $aColeção Madeira Luís 702 #1 $aCarmo,$bGarizo do,$f1927-1997$4410$330997 710 02 $aTeatro Nacional de D. Maria II$31992495 801 #0 $aPT$bBN$gRPC 966 ## $lBN$mICONOG$sCT. 17007 V.$x3 971 ## $cCaticonografia8$d20260319 995 ## $aPRR2026
Etiqueta de registo: 00000nkm 2200025 450 001 2282523 003 http://id.bnportugal.gov.pt/bib/catbnp/2282523 100 ## $a20260321d1986 m y0pory01030103ba 101 0# $apor 102 ## $aPT 200 1# $aD. João ou o Convidado de Pedra, Teatro Nacional de D. Maria II (Lisboa)$bVisual gráfico]$fTeatro Nacional de D. Maria II, Action Française d'Action Artistique$gdesign Garizo do Carmo 210 #9 $a[Lisboa]$cTeatro Nacional de D. Maria II,$d1986$e[Lisboa] :$gCasa Portuguesa) 215 ## $a1 cartaz$ccolor.$d69,2x48,9 cm 317 ## $aColeção Madeira Luís 702 #1 $aCarmo,$bGarizo do,$f1927-1997$330997 710 02 $aTeatro Nacional de D. Maria II$31992495 711 01 $aFrança.$bMinistério das Relações Exteriores.$cAction Française d'Action Artistique$31992935 801 #0 $aPT$bBN$gRPC 966 ## $lBN$mICONOG$sCT. 25579 A.$x3 971 ## $cCaticonografia7$d20260321 995 ## $aPRR2026
Etiqueta de registo: 00000nkm 2200025 450 001 2282447 003 http://id.bnportugal.gov.pt/bib/catbnp/2282447 100 ## $a20260321d1978 m y0pory01030103ba 101 0# $apor 102 ## $aPT 200 1# $a As Alegres Comadres de Windsor, A comédia de W. Shakespeare, estreia 28 de dezembro
de 1978$bVisual gráfico]$fTeatro Nacional de D. Maria II$gDesign Garizo do Carmo 210 #9 $aLisboa$cTeatro Nacional de D. Maria II,$d1978$eLisboa :$g Casa Portuguesa) 215 ## $a1 cartaz$ccolor.$d67,7x47,8 cm 306 ## $aVariantes: CT. 895 P. CT. 898 P. 316 ## $aContém um autocolante com a indicação de reposição da peça de 24 de abril a 10 de
maio 79$5PTBN: CT. 25601 A. 317 ## $aColeção Madeira Luís 702 #1 $aCarmo,$bGarizo do,$f1927-1997$4410$330997 710 02 $aTeatro Nacional de D. Maria II$31992495 801 #0 $aPT$bBN$gRPC 966 ## $lBN$mICONOG$sCT. 25601 A.$x3 971 ## $cCaticonografia5$d20260321 995 ## $aPRR2026
|
|
|